Guia de suport en la gestió energètica : per a professionals dels ens locals per a professionals dels ens locals
Descripción Física:
34 pàgines : il·lustracions ; 21 cm
Idioma:
Catalán
MARC
| LEADER | 00000nam a22000007a 4500 | ||
|---|---|---|---|
| 001 | 25389 | ||
| 008 | 220503b spa||||| |||| 00| 0 cat d | ||
| 017 | |a DL B 12204-2020 | ||
| 080 | |a FU-68-53 | ||
| 245 | |a Guia de suport en la gestió energètica : |b per a professionals dels ens locals | ||
| 250 | |a 2a edició | ||
| 260 | |a Barcelona : |b Diputació de Barcelona, |c 2020 | ||
| 300 | |a 34 pàgines : |b il·lustracions ; |c 21 cm | ||
| 650 | 0 | |9 33412 |a Energia |x Estalvi | |
| 650 | 0 | |a Administració local |9 34286 | |
| 655 | 0 | |9 52956 |a Manuals, vademècums, etc. | |
| 710 | |a Barcelona (Catalunya : Província). |b Àrea de Cohesió Social, Ciutadania i Benestar |9 52273 | ||
| 710 | 1 | |a Barcelona (Catalunya : Província). |b Àrea d'Acció Climàtica |9 52752 | |
| 942 | |2 udc |c ARXIU |n 1 | ||
| 952 | |0 0 |1 0 |4 0 |6 FU6853 |7 1 |9 61469 |a Arxiu |b Arxiu |d 2022-05-03 |l 0 |o FU-68-53 |p 25389 |r 2022-05-03 00:00:00 |w 2022-05-03 |y ARXIU | ||
| 999 | |c 81422 |d 81422 | ||